<?xml version="1.0" encoding="UTF-8"?>
<record
    xmlns:xsi="http://www.w3.org/2001/XMLSchema-instance"
    xsi:schemaLocation="http://www.loc.gov/MARC21/slim http://www.loc.gov/standards/marcxml/schema/MARC21slim.xsd"
    xmlns="http://www.loc.gov/MARC21/slim">

  <leader>00931nam a2200217Ia 4500</leader>
  <controlfield tag="005">20240530110940.0</controlfield>
  <controlfield tag="008">140319s2021    ua dhf f      000 0 ara d</controlfield>
  <datafield tag="017" ind1=" " ind2=" ">
    <subfield code="a">2021/5406</subfield>
    <subfield code="b">&#x645;&#x635;&#x631;. &#x62F;&#x627;&#x631; &#x627;&#x644;&#x643;&#x62A;&#x628;</subfield>
  </datafield>
  <datafield tag="020" ind1=" " ind2=" ">
    <subfield code="a">9789779840515</subfield>
  </datafield>
  <datafield tag="040" ind1=" " ind2=" ">
    <subfield code="a">GCL / </subfield>
    <subfield code="c">GCL</subfield>
  </datafield>
  <datafield tag="082" ind1="0" ind2="4">
    <subfield code="2">21</subfield>
    <subfield code="a">737.43\</subfield>
    <subfield code="b">&#x623; &#x646;</subfield>
  </datafield>
  <datafield tag="100" ind1="0" ind2=" ">
    <subfield code="a">&#x627;&#x62D;&#x645;&#x62F; &#x62D;&#x633;&#x64A;&#x646; &#x645;&#x62D;&#x645;&#x62F; &#x648;&#x647;&#x628;&#x629; </subfield>
  </datafield>
  <datafield tag="245" ind1="1" ind2="0">
    <subfield code="a">&#x646;&#x642;&#x648;&#x62F; &#x627;&#x644;&#x645;&#x645;&#x627;&#x644;&#x64A;&#x643; &#x627;&#x644;&#x62C;&#x631;&#x627;&#x643;&#x633;&#x629; &#x627;&#x644;&#x630;&#x647;&#x628;&#x64A;&#x629; &#x641;&#x649; &#x636;&#x648;&#x621; &#x645;&#x62C;&#x645;&#x648;&#x639;&#x629; &#x62C;&#x62F;&#x64A;&#x62F;&#x629; &#x644;&#x645; &#x64A;&#x633;&#x628;&#x642; &#x646;&#x634;&#x631;&#x647;&#x627; :</subfield>
    <subfield code="b">&#x62F;&#x631;&#x627;&#x633;&#x629; &#x627;&#x644;&#x634;&#x643;&#x644; &#x648;&#x627;&#x644;&#x645;&#x636;&#x645;&#x648;&#x646; /</subfield>
    <subfield code="c">&#x627;&#x62D;&#x645;&#x62F; &#x62D;&#x633;&#x64A;&#x646; &#x645;&#x62D;&#x645;&#x62F; &#x648;&#x647;&#x628;&#x629; </subfield>
  </datafield>
  <datafield tag="250" ind1=" " ind2=" ">
    <subfield code="a">&#x637;. 1</subfield>
  </datafield>
  <datafield tag="260" ind1=" " ind2=" ">
    <subfield code="a">&#x627;&#x644;&#x627;&#x633;&#x643;&#x646;&#x62F;&#x631;&#x64A;&#x629; :</subfield>
    <subfield code="b">&#x62F;&#x627;&#x631; &#x627;&#x644;&#x648;&#x641;&#x627;&#x621; &#x644;&#x62F;&#x646;&#x64A;&#x627; &#x627;&#x644;&#x637;&#x628;&#x627;&#x639;&#x629; &#x648; &#x627;&#x644;&#x646;&#x634;&#x631;&#x60C;</subfield>
    <subfield code="c">2022.</subfield>
  </datafield>
  <datafield tag="300" ind1=" " ind2=" ">
    <subfield code="a">372 &#x635;. :</subfield>
    <subfield code="b">&#x627;&#x64A;&#x636; &#x61B;</subfield>
    <subfield code="c">24 &#x633;&#x645;.</subfield>
  </datafield>
  <datafield tag="650" ind1="0" ind2="7">
    <subfield code="a">&#x627;&#x644;&#x639;&#x645;&#x644;&#x627;&#x62A; &#x627;&#x644;&#x630;&#x647;&#x628;&#x64A;&#x629; </subfield>
  </datafield>
  <datafield tag="650" ind1="0" ind2="7">
    <subfield code="a">&#x627;&#x644;&#x639;&#x645;&#x644;&#x627;&#x62A; &#x627;&#x644;&#x630;&#x647;&#x628;&#x64A;&#x629; </subfield>
    <subfield code="y">&#x639;&#x635;&#x631; &#x627;&#x644;&#x645;&#x645;&#x627;&#x644;&#x64A;&#x643; </subfield>
  </datafield>
  <datafield tag="942" ind1=" " ind2=" ">
    <subfield code="2">ddc</subfield>
    <subfield code="c">BK</subfield>
  </datafield>
  <datafield tag="999" ind1=" " ind2=" ">
    <subfield code="c">66804</subfield>
    <subfield code="d">66804</subfield>
  </datafield>
  <datafield tag="952" ind1=" " ind2=" ">
    <subfield code="0">0</subfield>
    <subfield code="1">0</subfield>
    <subfield code="4">0</subfield>
    <subfield code="7">0</subfield>
    <subfield code="a">CAI</subfield>
    <subfield code="b">CAI</subfield>
    <subfield code="c">&#x627;&#x644;&#x642;&#x627;&#x647;&#x631;&#x629;-&#x639;&#x631;&#x628;&#x649;</subfield>
    <subfield code="d">2022-10-29</subfield>
    <subfield code="l">0</subfield>
    <subfield code="o">737.43\ &#x623; &#x646;</subfield>
    <subfield code="p">168700</subfield>
    <subfield code="r">2022-10-29 00:00:00</subfield>
    <subfield code="w">2022-10-29</subfield>
    <subfield code="y">BK</subfield>
  </datafield>
</record>
